| 000 | 00466nam a22001817a 4500 | ||
|---|---|---|---|
| 005 | 20260514125149.0 | ||
| 008 | 260514b |||||||| |||| 00| 0 eng d | ||
| 020 |
_a9789367130735 _c1270.00 |
||
| 040 | _aMAIN | ||
| 041 | _aEnglish | ||
| 082 |
_a005.133 _bHOR |
||
| 100 | _aHorstmann, Cay S. | ||
| 245 |
_aCore Java _b: Fundamentals |
||
| 260 |
_aNoida _bPearson _c2025 |
||
| 300 |
_a663 _bVol.1st |
||
| 650 |
_aComputer Science (PM (USHA) _926808 |
||
| 942 | _cBK | ||
| 999 |
_c60797 _d60797 |
||